000 02423nam0a2200445 4500
001 RU\NLR\bibl\1663520
005 20260409074814.0
010 _a978-5-8459-1610-5
021 _aRU
_b2010-51986
_93425
035 _a(NLR Aleph) 001654802
090 _a944489
_c944489
100 _a20100705d2010 u y0rusy50 ca
101 1 _arus
_ceng
102 _aRU
_aUA
105 _aa dm |||||
200 1 _aСтруктуры данных и алгоритмы
_fАльфред В. Ахо, Джон Э. Хопкрофт, Джеффри Д. Ульман
_g[пер. с англ. и ред. А. А. Минько]
210 _aМосква [и др.]
_cВильямс
_d2010
_eСанкт-Петербург
_gПечатный двор им. А. М. Горького
215 _a391 с.
_cил.
_d24
300 _aЗагл. и авт. ориг.: Data structures and algorithms/Alfred V. Aho, John E. Hopcroft, Jeffrey D. Ullman
320 _aБиблиогр.: с. 377-382 (125 назв.)
320 _aПредм. указ.: с. 383-391
454 0 _12001#$aData structures and algorithms$fAlfred V. Aho, John E. Hopcroft, Jeffrey D. Ullman
_1700#1$aAho$bA. V.$gAlfred V.$4070
_1701#1$aHopcroft$bJ. E.$gJohn E.$4070
_1701#1$aUllman$bJ. D.$gJeffrey D.$4070
_tData structures and algorithms
_aAho, Alfred V.
606 1 _aКомпьютеры
_xСтруктуры данных
_92294649
_3RU\NLR\auth\661374080
606 _aПрограммы (компьют.)
_xАлгоритмы
_92211615
_3RU\NLR\auth\661328537
606 1 _aЯзыки программирования
_92088769
_3RU\NLR\auth\661264476
610 0 _aВычислительная техника -- Вычислительные машины электронные цифровые -- Вычислительные системы и сети -- Программирование. Алгоритмы
610 0 _aструктура данных
610 0 _aалгоритмы
686 _aЗ973.26-018,0
_2rubbk
686 _aЗ973.2-018
700 1 _aАхо
_bА. В.
_gАльфред В.
_4070
701 1 _aХопкрофт
_bД. Э.
_gДжон Э.
_4070
701 1 _4070
_7ca
_8rus
_aУльман
_bД. Д.
_f1942-
_gДжеффри Дэвид
_9220771
_3RU\NLR\AUTH\770220827
801 0 _aRU
_bРГБ
_c20100705
_grcr
801 1 _aRU
_bРГБ
_c20100705
801 2 _aRU
_bNLR
_c20100812
_grcr
942 _cBOOK
980 _aNB